Města a měšťané perem badatelky

Titel: Města a měšťané perem badatelky : příspěvky (nejen) k dějinám měst pražských a jejich elitám v raném novověku : k životnímu jubileu Olgy Fejtové = Ausgewählte Studien von Olga Fejtová (nicht nur) zur Geschichte der Prager Städte und ihrer Eliten in der Frühen Neuzeit : herausgegeben zum 60. Lebensjubiläum der Autorin / k vydání připravila Markéta Růčková
Verfasser:
Beteiligt:
Körperschaft:
Ausgabe: Vydání první
Veröffentlicht: Červený Kostelec : Nakladatelství Pavel Mervart, 2022
Ústí nad Labem : Univerzita Jana Evangelisty Purkyně v Ústí nad Labem, 2022
Umfang: 392 Seiten : Illustrationen
Format: Buch
Sprache: Tschechisch; Deutsch
RVK-Notation:
Schlagworte:
ISBN: 9788074655364 ; 9788075613585
Buchumschlag
X
alg: 50105100
001A    $00026:02-11-22 
001B    $01999:09-05-25 $t18:19:47.000 
001D    $00026:14-11-22 
001U    $0utf8 
001X    $00 
002@    $0Aau 
002C    $aText $btxt $2rdacontent 
002D    $aohne Hilfsmittel zu benutzen $bn $2rdamedia 
002E    $aBand $bnc $2rdacarrier 
003@    $0501051007 
003O    $01350834911 $aOCoLC 
004A    $A978-80-7465-536-4 
004A    $A978-80-7561-358-5 
007A    $0501051007 $aHEB 
007G    $0 
009P    $qapplication/pdf $A2 $3Inhaltsverzeichnis $uhttp://scans.hebis.de/HEBCGI/show.pl?50105100_toc.pdf $mV:DE-603;B:DE-26 
009P    $qapplication/pdf $A2 $3Abstract $uhttp://scans.hebis.de/HEBCGI/show.pl?50105100_sum.pdf $mV:DE-603;B:DE-Mb50 
009P    $qapplication/pdf $A2 $3Cover $uhttp://scans.hebis.de/HEBCGI/show.pl?50105100_cov.pdf $mV:DE-603;B:DE-Mb50 
009P    $qapplication/pdf $A2 $3Buch Bibliographie $uhttp://scans.hebis.de/HEBCGI/show.pl?50105100_bib.pdf $mV:DE-603;B:DE-Mb50 
010@    $acze $ager 
010E    $erda 
011@    $a2022 
021A    $aMěsta a měšťané perem badatelky $dpříspěvky (nejen) k dějinám měst pražských a jejich elitám v raném novověku : k životnímu jubileu Olgy Fejtové $fAusgewählte Studien von Olga Fejtová (nicht nur) zur Geschichte der Prager Städte und ihrer Eliten in der Frühen Neuzeit $fherausgegeben zum 60. Lebensjubiläum der Autorin $hk vydání připravila Markéta Růčková 
028A    $BVerfasser $4aut $7131733907 $8Fejtová, Olga$Z1962- [Tp1] $9178809888 
028C    $BHerausgeber $4edt $71060764881 $8Růčková, Markéta$Z1984- [Tp3] $9349836493 
029F    $BHerausgebendes Organ $#Univerzita J. E. Purkyně v Ústí nad Labem $#Universitas Purkyniana Ustensis $#Universitas Purkyniana v Ústí nad Labem $#Jan-Evangelista-Purkyně-Universität v Ústí nad Labem $#Evangelista-Purkyně-Universität v Ústí nad Labem $#Purkyně-Universitätv Ústí nad Labem $#Jan Evangelista Purkyně University in Ústí nad Labem $#J. E. Purkyně University in Ústí nad Labem $#Purkyně University in Ústí nad Labem $#UJEP $#J. E. Purkyně-Universität $#Universitas Purkynianae Ustensis $4isb $75117838-2 $8Univerzita Jana Evangelisty Purkyně v Ústí nad Labem [Tb1] $9045292124 
032@    $aVydání první 
033A    $pČervený Kostelec $nNakladatelství Pavel Mervart 
033A    $pÚstí nad Labem $nUniverzita Jana Evangelisty Purkyně v Ústí nad Labem 
034D    $a392 Seiten 
034M    $aIllustrationen 
037A    $aLiteraturangaben 
044K    $#Prag $#Hlavni Město Praha $#Hauptstadt Prag $#Prag Kraj $#Bezirk Prag $#Praha $#Prague $#Praga $#Praag $#Boiemorum Casurgis $#Bojemorum Casurgis $#Casurgis $#Regia Boiemorum Casurgis $#Regia Bojemorum Casurgis $74076310-9 $8Prag [Tg1] $9085216283 
044K    $#Louny $74270531-9 $8Laun [Tg1] $9086448463 
044K    $RGemeinde $#Cities and towns $#Villes $#Città $#Ciudades $#towns $#Stadt $#Stadt $#Stadtgebiet Stadt $#Städte $74056723-0 $8Stadt [Tsz] $9085157945 
044K    $RBürgerliche Gesellschaft $#Middle class $#Bourgeoisie $#Mittelschicht $#Bürgertum $#Bürgertum/Bourgeoisie $#Bourgeoisie $#Bürgerliche Klasse $74069722-8 $8Bürgertum [Ts1] $9085196002 
044K    $RKader $ROberschicht $#Elite (Social sciences) $#Political leadership $#Élite (sciences sociales) $#Élite (sciences sociales) Éducation $#Classes dirigeantes $#Elite $#Élites $#Elite $#Elite $#Elitebildung $#Elite $#Führungsgruppe $#Führungsschicht $#Eliten $74014457-4 $8Elite [Ts1] $9085032360 
045F    $a306.09437109024 $eDDC23BSB 
045F/01 $a306.09 
045F/03 $f09024 
045F/03 $f09031 
045F/03 $f09032 
045F/03 $g4371 
045Z    $8NR 8724 [Tkv] $9410931179 

lok: 50105100 24

exp: 50105100 24 1 #EPN
201B/01 $028-02-23 $t16:33:32.000 
201C/01 $016-11-22 
201U/01 $0utf8 
203@/01 $01220112011 
208@/01 $a28-02-23 $bz 
209A/01 $a22.06411 $du $f050 $h22 06411 $x00 
209C/01 $a22.06411 K $h22 06411 K 
209G/01 $a74571042 $x00 
220C/01 $akon 
247C/01 $8358050-7 Marburg, Bibliothek des Herder-Instituts Marburg $9102600961 

lok: 50105100 78

exp: 50105100 78 1 #EPN
201B/01 $011-01-23 $t10:00:23.000 
201C/01 $011-01-23 
201U/01 $0utf8 
203@/01 $01224353455 
208@/01 $a11-01-23 $be 
209A/01 $a/ $f000 $x00 
209A/01 $ab*p $x01 
220C/01 $aeja 
244Z/01 $#Böhmische Kronländer $#Länder der Böhmischen Krone $#Sudetenland $#Böhmen $#Mähren $#Mährisch-Schlesien $#Österreichisch-Schlesien $#Tschechische Sozialistische Republik Böhmische Länder $#Tschechei Böhmische Länder $#Země koruny české $74069573-6 $8--Tg1--Böhmische Länder $x03 $9085195553 
247C/01 $82080>Marburg/Lahn, Herder-Institut, Forschungsbibliothek, Bibliographieportal $9336309341 

lok: 50105100 204

exp: 50105100 204 1 #EPN
201B/01 $023-01-23 $t08:44:56.000 
201C/01 $002-11-22 
201U/01 $0utf8 
203@/01 $01217035958 
208@/01 $a23-01-23 $bzUB 
209A/01 $a000 NR 8724 F311 $du $f000 $x00 
209G/01 $a64572075 $x00 
245S/01 $a10200 $x01 
247C/01 $8631000-x <26>Gießen, Universität Gießen, Universitätsbibliothek Gießen $9102596697
LEADER 00000cam a2200000 c 4500
001 501051007
003 DE-603
005 20250509181947.0
007 tu
008 221102s2022 xx |||| | u00||u|cze c
020 |a 9788074655364 
020 |a 9788075613585 
035 |a (DE-599)HEB501051007 
035 |a (OCoLC)1350834911 
040 |a DE-603  |b ger  |c DE-603  |d DE-603  |e rda 
041 |a cze  |a ger 
082 0 4 |8 1\u  |a 306.09437109024  |q DE-101  |2 23/BSB 
084 |a NR 8724  |0 (DE-625)130132:  |0 (DE-603)410931179  |2 rvk 
085 |8 1\u  |b 306.09 
085 |8 1\u  |z 1  |s 09024 
085 |8 1\u  |z 1  |s 09031 
085 |8 1\u  |z 1  |s 09032 
085 |8 1\u  |z 2  |s 4371 
100 1 |a Fejtová, Olga  |d 1962-  |e Verfasser  |4 aut  |0 (DE-603)178809888  |0 (DE-588)131733907  |2 gnd 
245 0 0 |a Města a měšťané perem badatelky  |b příspěvky (nejen) k dějinám měst pražských a jejich elitám v raném novověku : k životnímu jubileu Olgy Fejtové = Ausgewählte Studien von Olga Fejtová (nicht nur) zur Geschichte der Prager Städte und ihrer Eliten in der Frühen Neuzeit : herausgegeben zum 60. Lebensjubiläum der Autorin  |c k vydání připravila Markéta Růčková 
250 |a Vydání první 
264 1 |a Červený Kostelec  |b Nakladatelství Pavel Mervart  |c 2022 
264 1 |a Ústí nad Labem  |b Univerzita Jana Evangelisty Purkyně v Ústí nad Labem  |c 2022 
300 |a 392 Seiten  |b Illustrationen 
336 |a Text  |b txt  |2 rdacontent 
337 |a ohne Hilfsmittel zu benutzen  |b n  |2 rdamedia 
338 |a Band  |b nc  |2 rdacarrier 
500 |a Literaturangaben 
650 7 |a Stadt  |0 (DE-588)4056723-0  |0 (DE-603)085157945  |2 gnd 
650 7 |a Bürgertum  |0 (DE-588)4069722-8  |0 (DE-603)085196002  |2 gnd 
650 7 |a Elite  |0 (DE-588)4014457-4  |0 (DE-603)085032360  |2 gnd 
651 7 |a Prag  |0 (DE-588)4076310-9  |0 (DE-603)085216283  |2 gnd 
651 7 |a Laun  |0 (DE-588)4270531-9  |0 (DE-603)086448463  |2 gnd 
700 1 |a Růčková, Markéta  |d 1984-  |e Herausgeber  |4 edt  |0 (DE-603)349836493  |0 (DE-588)1060764881  |2 gnd 
710 2 |a Univerzita Jana Evangelisty Purkyně v Ústí nad Labem  |e Herausgebendes Organ  |4 isb  |0 (DE-603)045292124  |0 (DE-588)5117838-2  |2 gnd 
856 4 2 |m V:DE-603;B:DE-26  |q application/pdf  |u http://scans.hebis.de/HEBCGI/show.pl?50105100_toc.pdf  |3 Inhaltsverzeichnis 
856 4 2 |m V:DE-603;B:DE-Mb50  |q application/pdf  |u http://scans.hebis.de/HEBCGI/show.pl?50105100_sum.pdf  |3 Abstract 
856 4 2 |m V:DE-603;B:DE-Mb50  |q application/pdf  |u http://scans.hebis.de/HEBCGI/show.pl?50105100_cov.pdf  |3 Cover 
856 4 2 |m V:DE-603;B:DE-Mb50  |q application/pdf  |u http://scans.hebis.de/HEBCGI/show.pl?50105100_bib.pdf  |3 Buch Bibliographie 
924 0 |9 Mb 50  |a (DE-603)1220112011  |b DE-Mb50  |c HES  |d c  |g 22.06411 
924 0 |9 2080  |a (DE-603)1224353455  |b DE-2080  |c HES  |d d  |g / 
924 0 |9 26  |a (DE-603)1217035958  |b DE-26  |c HES  |d c  |g 000 NR 8724 F311